[Event "Moscow Aeroflot op-B"]
[Site "Moscow"]
[Date "2005.02.16"]
[Round "2"]
[White "Bachin, Vitaly"]
[Black "Seeman, Tarvo"]
[Result "1/2-1/2"]
[WhiteElo "2490"]
[BlackElo "2408"]
[PlyCount "62"]
[EventDate "2005.02.15"]
[EventType "swiss"]
[EventRounds "9"]
[EventCountry "RUS"]
[SourceTitle "EXT 2006"]
[Source "ChessBase"]
[SourceDate "2005.11.24"]
[SourceVersion "1"]
[SourceVersionDate "2005.11.24"]
[SourceQuality "1"]

1. e4 c5 2. Nc3 e6 3. f4 d5 4. exd5 exd5 5. Bb5+ Nc6 6. Nf3 Nf6 7. 0-0 Be7 8. Ne5 Qc7 9. Qf3 0-0 10. Bxc6 bxc6 11. b3 Bd6 12. Ba3 Ba6 13. d3 Rfe8 14. Rae1 Nd7 15. Nxd7 Qxd7 16. Qf2 Rxe1 17. Rxe1 Re8 18. Rxe8+ Qxe8 19. Na4 g5 20. fxg5 Qe5 21. g3 Bc8 22. Bxc5 Bh3 23. d4 Qxg5 24. Qe1 Bxc5 25. Nxc5 Qg4 26. Kf2 Qxd4+ 27. Qe3 Qd1 28. Qg5+ Kf8 29. Qh6+ Kg8 30. Qg5+ Kf8 31. Qh6+ Kg8 1/2-1/2